<?xml version="1.0" encoding="UTF-8"?><?xml-stylesheet type="text/xsl" href="static/style.xsl"?><OAI-PMH xmlns="http://www.openarchives.org/OAI/2.0/" xmlns:xsi="http://www.w3.org/2001/XMLSchema-instance" xsi:schemaLocation="http://www.openarchives.org/OAI/2.0/ http://www.openarchives.org/OAI/2.0/OAI-PMH.xsd"><responseDate>2026-06-01T23:36:57Z</responseDate><request verb="GetRecord" identifier="oai:riuma.uma.es:10630/19781" metadataPrefix="marc">https://riuma.uma.es/rest/oai/request</request><GetRecord><record><header><identifier>oai:riuma.uma.es:10630/19781</identifier><datestamp>2026-02-03T12:54:12Z</datestamp><setSpec>com_10630_19559</setSpec><setSpec>com_10630_3139</setSpec><setSpec>com_10630_10</setSpec><setSpec>col_10630_19703</setSpec></header><metadata><record xmlns="http://www.loc.gov/MARC21/slim" xmlns:dcterms="http://purl.org/dc/terms/" xmlns:doc="http://www.lyncode.com/xoai" xmlns:xsi="http://www.w3.org/2001/XMLSchema-instance" xsi:schemaLocation="http://www.loc.gov/MARC21/slim http://www.loc.gov/standards/marcxml/schema/MARC21slim.xsd">
   <leader>00925njm 22002777a 4500</leader>
   <datafield ind2=" " ind1=" " tag="042">
      <subfield code="a">dc</subfield>
   </datafield>
   <datafield ind2=" " ind1=" " tag="720">
      <subfield code="a">Barrantes Elizondo, Lena</subfield>
      <subfield code="e">author</subfield>
   </datafield>
   <datafield ind2=" " ind1=" " tag="720">
      <subfield code="a">Valverde-Marín, Evelyn</subfield>
      <subfield code="e">author</subfield>
   </datafield>
   <datafield ind2=" " ind1=" " tag="260">
      <subfield code="c">2020-07-31</subfield>
   </datafield>
   <datafield ind2=" " ind1=" " tag="520">
      <subfield code="a">La globalización, la tecnología, la inseguridad social, la era informativa y la diversidad humana constituyen cambios sociales históricos con los que ha crecido la nueva generación de estudiantes universitarios. Entre las responsabilidades fundamentales de la educación superior, se identifica estar al tanto de los retos que los estudiantes universitarios enfrentan producto de las fuerzas sociales provocadas por su contexto temporal. Ignorar la incidencia de estas fuerzas sociales puede producir una brecha que condena todo el proceso de formación universitaria a un nivel meramente teórico e inaplicable. Este artículo expone los resultados de un estudio de caso múltiple sobre el tema habilidades transferibles en la educación superior. Específicamente, en relación con la formación de futuros docentes de inglés. Se efectúa un análisis descriptivo interpretativo del papel de las habilidades transferibles en la educación superior y del impacto del aprendizaje vivencial en el desarrollo de estas habilidades. Los resultados muestran las experiencias de estudiantes y docentes, quienes registraron retos, aciertos y fracasos en cuanto al desarrollo de habilidades como la comunicación efectiva, habilidad interpersonal, gestión de emociones, toma de decisiones, ética de trabajo y manejo del tiempo. A partir de este estudio, se plantea la urgencia de: establecer un lenguaje común que defina cuáles son las habilidades transferibles, identificar cuáles son las habilidades requeridas para la profesión docente y por consiguiente para cada carrera universitaria, y proveer dirección pedagógica universitaria para el el abordaje explícito de las habilidades en los planes de estudio.</subfield>
   </datafield>
   <datafield ind1="8" ind2=" " tag="024">
      <subfield code="a">Barrantes-Elizondo,  L.,  &amp;  Valverde-Marín,  Evelyn.  (2020).  El  papel  de  las  habilidades  transferibles  y  el  aprendizaje vivencial en la formación universitaria de docentes de inglés. Márgenes, Revista de Educación de la Universidad de Málaga, 1 (2), 120-137. https://doi.org/10.24310/mgnmar.v1i2.8624</subfield>
   </datafield>
   <datafield ind1="8" ind2=" " tag="024">
      <subfield code="a">https://hdl.handle.net/10630/19781</subfield>
   </datafield>
   <datafield ind1="8" ind2=" " tag="024">
      <subfield code="a">https://doi.org/10.24310/mgnmar.v1i2.8624</subfield>
   </datafield>
   <datafield tag="653" ind2=" " ind1=" ">
      <subfield code="a">Profesores - Formación profesional</subfield>
   </datafield>
   <datafield tag="653" ind2=" " ind1=" ">
      <subfield code="a">Enseñanza superior</subfield>
   </datafield>
   <datafield tag="653" ind2=" " ind1=" ">
      <subfield code="a">Alfabetización informacional</subfield>
   </datafield>
   <datafield tag="653" ind2=" " ind1=" ">
      <subfield code="a">Aptitud</subfield>
   </datafield>
   <datafield ind2="0" ind1="0" tag="245">
      <subfield code="a">El papel de las habilidades transferibles y el aprendizaje vivencial en la formación universitaria de docentes de inglés</subfield>
   </datafield>
</record>
</metadata></record></GetRecord></OAI-PMH>